Airports with the Most Runways - Statistics

General Stats
  • This quiz has been taken 188 times
  • The average score is 12 of 25
Answer Stats
# Hint Answer City % Correct
4 North America Los Angeles International Airport Los Angeles
86%
5 North America Hartsfield–Jackson Atlanta International Airport Atlanta
84%
8 North America O'Hare International Airport Chicago
83%
7 North America Dallas Fort Worth International Airport Dallas
77%
6 North America Denver International Airport Denver
77%
5 North America George Bush Intercontinental Airport Houston
70%
5 Asia Beijing Daxing International Airport Beijing
66%
6 Europe Amsterdam Airport Schiphol Amsterdam
63%
5 Asia Shanghai Pudong International Airport Shanghai
62%
4 North America Dulles International Airport Washington D.C.
56%
4 North America Orlando International Airport Orlando
52%
5 North America Detroit Metropolitan Airport Detroit
46%
5 Europe Istanbul Airport Istanbul
46%
4 North America Orlando Sanford International Airport Orlando
46%
4 North America Philadelphia International Airport Philadelphia
45%
4 North America Charlotte Douglas International Airport Charlotte
44%
4 North America Minneapolis−Saint Paul International Airport Minneapolis
36%
4 Asia Indira Gandhi International Airport Delhi
31%
4 North America St. Louis Lambert International Airport St. Louis
28%
4 North America Memphis International Airport Memphis
26%
4 North America Nashville International Airport Nashville
26%
4 North America Salt Lake City International Airport Salt Lake City
22%
4 North America Cincinnati/Northern Kentucky International Airport Cincinnati
17%
4 North America Oakland International Airport Oakland
7%
4 North America Wichita Falls Regional Airport Wichita Falls
1%
No matching quizzes found
Score Distribution
Percent of People with Each Score
Percentile by Number Answered
Your Score History
You have not taken this quiz